Loading...
| Science - Physics | 0 | 5 | 0 | 1 | 50 | 43 | 75.60 | 0 | 0 | 0.00 | 0.00 |
| Science - Chemistry | 0 | 3 | 1 | 0 | 25 | 64 | 93.00 | 0 | 1 | 0.00 | 0.00 |
| Science - Biology | 0 | 2 | 1 | 1 | 15 | 87 | 97.50 | 0 | 0 | 0.00 | 0.00 |
| Social Science | 0 | 1 | 0 | 0 | 10 | 104 | 104.00 | 0 | 0 | 0.00 | 0.00 |
| Fine Arts - Painting and Sculpture | 0 | 1 | 0 | 0 | 10 | 121 | 121.00 | 0 | 0 | 0.00 | 0.00 |
| History - World | 0 | 1 | 0 | 1 | 10 | 108 | 108.00 | 0 | 0 | 0.00 | 0.00 |
| Science - Other | 0 | 1 | 0 | 0 | 10 | 84 | 84.00 | 0 | 0 | 0.00 | 0.00 |
| Current Events | 0 | 1 | 0 | 1 | 10 | 109 | 109.00 | 0 | 0 | 0.00 | 0.00 |
| Literature - British | 0 | 0 | 1 | 0 | -5 | 0.00 | 0 | 0 | 0.00 | 0.00 | |
| History - European | 0 | 0 | 1 | 0 | -5 | 0.00 | 0 | 0 | 0.00 | 0.00 |